<?xml version="1.0" encoding="UTF-8"?>
<collection xmlns="http://www.loc.gov/MARC21/slim">
 <record>
  <leader>     na                 </leader>
  <controlfield tag="001">INLIS000000000014477</controlfield>
  <controlfield tag="005">20241011024101</controlfield>
  <datafield tag="035" ind1=" " ind2=" ">
   <subfield code="a">0010-1024000017</subfield>
  </datafield>
  <datafield tag="245" ind1="1" ind2=" ">
   <subfield code="a">Buku aktivitas rukun islam :</subfield>
   <subfield code="b">aku cinta islam /</subfield>
   <subfield code="c">Melinda Nurimannisa</subfield>
  </datafield>
  <datafield tag="100" ind1="0" ind2=" ">
   <subfield code="a">Melinda Nurimannisa</subfield>
  </datafield>
  <datafield tag="300" ind1=" " ind2=" ">
   <subfield code="a">72 hlm.; 28 cm. :</subfield>
   <subfield code="b">ilus</subfield>
  </datafield>
  <datafield tag="700" ind1="0" ind2=" ">
   <subfield code="a">Kurnia Dewi Hernawan (ilustrator)</subfield>
  </datafield>
  <datafield tag="260" ind1=" " ind2=" ">
   <subfield code="a">Depok :</subfield>
   <subfield code="b">Gema Insani,</subfield>
   <subfield code="c">2020</subfield>
  </datafield>
  <datafield tag="082" ind1=" " ind2=" ">
   <subfield code="a">297.07</subfield>
  </datafield>
  <datafield tag="084" ind1=" " ind2=" ">
   <subfield code="a">297.07 MEL b</subfield>
  </datafield>
  <datafield tag="020" ind1=" " ind2=" ">
   <subfield code="a">978-602-250-707-9</subfield>
  </datafield>
  <datafield tag="650" ind1=" " ind2=" ">
   <subfield code="a">Pendidikan Islam</subfield>
  </datafield>
  <datafield tag="520" ind1=" " ind2=" ">
   <subfield code="a">Buku Aktivitas Rukun Islam Aku Cinta Islam mengajak ananda untuk kreatif dengan berbagai aktivitas di dalamnya. Mulai dari mewarnai calistung menyambung garis mencocokkan gambar mencari perbedaan dan masih banyak lagi. &#13;
&#13;
Melalui buku ini ananda juga mendapatkan pendidikan iman akhlak dan adab serta penjelasan tentang lima rukun Islam—syahadat shalat puasa zakat dan haji—secara ringan dan menyenangkan. &#13;
&#13;
Selain itu juga terdapat pojok orang tua di setiap halaman dalam buku ini yang berisi stimulus kepada orang tua untuk berkomunikasi aktif dengan anak membahas tema-tema yang ada sehingga ikatan antara orang tua dan anak lebih terjalin erat.&#13;
&#13;
Selamat menumbuhkan kreativitas mengeratkan ikatan dan mengokohkan keislaman bersama ananda.</subfield>
  </datafield>
  <datafield tag="990" ind1=" " ind2=" ">
   <subfield code="a">024.2987/PC/24</subfield>
  </datafield>
  <datafield tag="990" ind1=" " ind2=" ">
   <subfield code="a">024.2988/PC/24</subfield>
  </datafield>
  <datafield tag="990" ind1=" " ind2=" ">
   <subfield code="a">024.2989/PC/24</subfield>
  </datafield>
  <datafield tag="990" ind1=" " ind2=" ">
   <subfield code="a">024.2989/PC/24</subfield>
  </datafield>
  <datafield tag="990" ind1=" " ind2=" ">
   <subfield code="a">024.2987/PC/24</subfield>
  </datafield>
  <datafield tag="990" ind1=" " ind2=" ">
   <subfield code="a">024.2988/PC/24</subfield>
  </datafield>
 </record>
</collection>
